Evaluacion de la resistencia a la fatiga y del estado de corrosion del Puente Negro
Na minha lista:
| Autor principal: | |
|---|---|
| Formato: | Livro |
| Publicado em: |
[San José , Costa Rica]
1986
|
| Assuntos: | |
| Tags: |
Adicionar Tag
Sem tags, seja o primeiro a adicionar uma tag!
|
MARC
| LEADER | 00000nam a2200000Ia 4500 | ||
|---|---|---|---|
| 003 | 002908 | ||
| 005 | 20221231144401.0 | ||
| 008 | 140114s1985 c a m 000 ||s d | ||
| 040 | |c cru CEDI | ||
| 090 | |a TFG 1711 | ||
| 100 | |a Zumbado Araya, Luis A |9 14456 | ||
| 245 | |a Evaluacion de la resistencia a la fatiga y del estado de corrosion del Puente Negro | ||
| 260 | |c 1986 |a [San José , Costa Rica] | ||
| 300 | |a xi, 174, [82] hojas : ilustraciones ; 29 cm | ||
| 500 | |a Proyecto de graduacion (licenciatura en ingenieria civil)--Universidad de Costa Rica. Facultad de Ingeniería. Escuela de Ingenieria Civil | ||
| 650 | |x PUENTE NEGRO (RIO VIRILLA) |x PUENTES - COSTA RICA |9 14457 | ||
| 942 | |c TFG | ||
| 999 | |c 21060 |d 21060 | ||
